000 00536cam a2200205 a 4500
001 952635
005 20180309074256.0
008 841009s1985 maua 001 0 eng
010 _a 84023395
020 _a053404185X :
_c$24.75
040 _aDLC
_cDLC
_dDLC
041 _aeng
080 _a658.15
082 0 0 _a658.15 DOM
_219
100 1 _a54
101 _aLID
245 1 0 _aManagerial accounting /
_cGeraldine F. Dominiak, Joseph G. Louderback III.
906 _a7
_bcbc
_corignew
_d1
_eocip
_f19
_gy-gencatlg
942 _2ddc
_cBK
999 _c44592
_d44592